00313nam a2200121Ia 4500008004100000100002000041245006000061250001000121260002700131650001100158942000700169999001500176190216s9999||||xx |||||||||||||| ||und|| aDr R. N. Ral 0aBiology Part Ii Nd Science For Middle Schools aFIRST bA.G Publicationsc1968 aBotany cBK c1080d1080